[Event "Asia-ch Seniors 50"]
[Site "Mandalay"]
[Date "2016.10.28"]
[Round "2"]
[White "Gibbons, Robert"]
[Black "Thaung, Tun"]
[Result "1/2-1/2"]
[WhiteElo "1954"]
[BlackElo "1836"]
[PlyCount "93"]
[EventDate "2016.10.26"]
[EventType "swiss"]
[EventRounds "9"]
[EventCountry "MYA"]
[SourceTitle "CBM 175 Extra"]
[Source "ChessBase"]
[SourceDate "2016.12.12"]
[SourceVersion "1"]
[SourceVersionDate "2016.12.12"]
[SourceQuality "1"]

1. d4 Nf6 2. Nf3 d6 3. g3 g6 4. Bg2 Bg7 5. 0-0 0-0 6. Re1 Nbd7 7. e4 e5 8. c3 c6 9. Nbd2 Qc7 10. b3 Re8 11. Qc2 b6 12. Bb2 Bb7 13. Rad1 Rac8 14. dxe5 Nxe5 15. Nxe5 dxe5 16. Nc4 Rcd8 17. Ne3 Bc8 18. a4 Ng4 19. Nf1 Rxd1 20. Rxd1 Rd8 21. Rd3 Be6 22. c4 Rxd3 23. Qxd3 Qd7 24. Qxd7 Bxd7 25. h3 Nh6 26. Ne3 f6 27. Kf1 Kf7 28. Ke2 Bf8 29. Nc2 c5 30. Ne3 Ng8 31. f4 exf4 32. gxf4 Ne7 33. Nd5 Ng8 34. Kf3 Bd6 35. h4 Be7 36. Bc3 Bd8 37. Kg3 h6 38. Bh3 Bxh3 39. Kxh3 h5 40. Bd2 Nh6 41. Kg3 Ng4 42. b4 cxb4 43. Bxb4 Ke6 44. Kf3 Nh2+ 45. Kg2 Ng4 46. Kf3 Nh2+ 47. Kg2 1/2-1/2